ARRUPE JESUIT UNIVERSITY

CORONAVIRUS -STOP THE SPREAD - CLEAN,DISINFECT,COVER

The dance, art, and ritual of Africa / (Record no. 125051)

MARC details
000 -LEADER
fixed length control field 01018cam a2200313 i 4500
001 - CONTROL NUMBER
control field 374470
003 - CONTROL NUMBER IDENTIFIER
control field ARRUPE
005 - DATE AND TIME OF LATEST TRANSACTION
control field 20160817114126.0
008 - FIXED-LENGTH DATA ELEMENTS--GENERAL INFORMATION
fixed length control field 780407s1978 nyua b 000 0 eng
010 ## - LIBRARY OF CONGRESS CONTROL NUMBER
LC control number 78007248
020 ## - INTERNATIONAL STANDARD BOOK NUMBER
International Standard Book Number 0394502728
040 ## - CATALOGING SOURCE
Original cataloging agency DLC
Transcribing agency DLC
Modifying agency DLC
041 1# - LANGUAGE CODE
Language code of text/sound track or separate title engfre
043 ## - GEOGRAPHIC AREA CODE
Geographic area code f------
050 00 - LIBRARY OF CONGRESS CALL NUMBER
Classification number GV1705
Item number .H8313 1978
082 00 - DEWEY DECIMAL CLASSIFICATION NUMBER
Classification number 793.3/196
300 ## - PHYSICAL DESCRIPTION
Other physical details chiefly ill. ;
Dimensions 32 cm.
100 1# - MAIN ENTRY--PERSONAL NAME
Personal name Huet, Michel,
Dates associated with a name 1917-
9 (RLIN) 25202
240 10 - UNIFORM TITLE
Uniform title <a href="Danses d'Afrique.">Danses d'Afrique.</a>
Language of a work English
245 14 - TITLE STATEMENT
Title The dance, art, and ritual of Africa /
Statement of responsibility, etc Michel Huet ; introd. by Jean Laude ; text by Jean-Louis Paudrat ; translated from the French.
250 ## - EDITION STATEMENT
Edition statement 1st American ed.
260 ## - PUBLICATION, DISTRIBUTION, ETC. (IMPRINT)
Place of publication, distribution, etc New York :
Name of publisher, distributor, etc Pantheon Books,
Date of publication, distribution, etc c1978.
300 ## - PHYSICAL DESCRIPTION
Extent 241 p. :
500 ## - GENERAL NOTE
General note Translation of Danses d'Afrique.
504 ## - BIBLIOGRAPHY, ETC. NOTE
Bibliography, etc Includes bibliographical references.
650 #0 - SUBJECT ADDED ENTRY--TOPICAL TERM
Topical term or geographic name as entry element Dancing
Geographic subdivision Africa.
9 (RLIN) 25203
700 1# - ADDED ENTRY--PERSONAL NAME
Personal name Paudrat, Jean Louis.
9 (RLIN) 25204
906 ## - LOCAL DATA ELEMENT F, LDF (RLIN)
a 7
b cbc
c orignew
d 1
e ocip
f 19
g y-gencatlg
942 ## - ADDED ENTRY ELEMENTS (KOHA)
Source of classification or shelving scheme Library of Congress Classification
Koha item type Monograph ( Printed materials)
Holdings
Withdrawn status Lost status Source of classification or shelving scheme Damaged status Not for loan Collection code Home library Current library Shelving location Date acquired Total Checkouts Full call number Barcode Date last seen Date checked out Price effective from Koha item type
    Library of Congress Classification     Main Collection ARRUPE LIBRARY ARRUPE LIBRARY Main Collection 17/08/2016 1 L GV1705 .H8313 1978 46500010310 03/10/2016 05/09/2016 17/08/2016 Monograph ( Printed materials)

 

Arrupe Library. PO Box MP320 Mt Pleasant, Harare, Zimbabwe
263 242 745411|librarian@aju.ac.zw